The black powder handgun /

Bibliographic Details
Main Author: Fadala, Sam, 1939-
Format: Book
Language:English
Published: Northfield, Ill. : DBI Books, [1981]
Subjects:

MARC

Tag First Indicator Second Indicator Subfields
LEADER 00000cam a2200000 a 4500
001 in00000092939
005 20150923173419.0
008 810707s1981 ilua 00010 eng
010 |a  81065102  
020 |a 0910676224 (pbk.) :  |c $8.95 
035 |a (OCoLC)07614507 
035 |9 AAK7948AM 
039 0 |a 2  |b 3  |c 3  |d 3  |e 3 
040 |a DLC  |c DLC  |d TXA  |d UtOrBLW 
049 |a TXAM  |c [1804897] 
050 0 0 |a TS537  |b  F33 
082 0 |a 683.4/3  |2 19 
100 1 |a Fadala, Sam,  |d 1939- 
245 1 4 |a The black powder handgun /  |c by Sam Fadala ; [photographer, Nancy Fadala]. 
264 1 |a Northfield, Ill. :  |b DBI Books,  |c [1981] 
264 4 |c ©1981 
300 |a 288 pages :  |b illustrations ;  |c 27 cm. 
336 |a text  |b txt  |2 rdacontent 
337 |a unmediated  |b n  |2 rdamedia 
338 |a volume  |b nc  |2 rdacarrier 
650 0 |a Pistols. 
650 0 |a Muzzle-loading firearms. 
999 |a MARS 
999 f f |s 8b9ac9d8-3b36-3b84-9e04-72e4713b5e87  |i 5e681c6c-401a-3abb-aaca-e10e5e477bd0  |t 0 
952 f f |p ric  |a Texas A&M University  |b Rellis Campus  |c Joint Library Facility  |d Remote Storage  |t 0  |e TS537 F33  |h Library of Congress classification  |i unmediated -- volume  |m A14806013781 
998 f f |a TS537 F33  |t 0  |l Remote Storage